Sports Quiz

Random Sports or NBA Quiz

NBA Players Who Led 2+ Teams in Scoring Quiz Stats

 Plays Quiz Updated Nov 17, 2016

Challenge
Share
Tweet
Embed
Score 0/92 Timer 15:00
2 Plays Today
# Teams Player % Correct
2LeBron James
86.6%
3Shaquille O'Neal
86.4%
2Michael Jordan
85.3%
2Joe Johnson
79.9%
2Eddie Johnson
79.2%
2Marques Johnson
79.2%
2Carmelo Anthony
77.1%
2Allen Iverson
74.9%
2Kareem Abdul-Jabbar
71.2%
2Vince Carter
70.5%
2Ray Allen
68.6%
4Moses Malone
68.6%
2Tracy McGrady
67.9%
2Josh Smith
66.4%
2Charles Barkley
66.3%
2Deron Williams
65.6%
2Gus Williams
65%
2Ray Williams
65%
2Wilt Chamberlain
63.6%
2Jason Kidd
63.4%
4Stephen Jackson
59.9%
2Jim Jackson
59.4%
2Amar'e Stoudemire
59%
2Chris Webber
57.8%
3Dominique Wilkins
57.1%
2Richard Jefferson
56.9%
3Elton Brand
56.2%
3Al Jefferson
56%
2Alonzo Mourning
54.6%
2Tim Hardaway
54.2%
2Baron Davis
54%
# Teams Player % Correct
2Shawn Kemp
51.9%
4Bernard King
51.2%
2Monta Ellis
51%
2Clifford Robinson
50.5%
3Antawn Jamison
50.5%
2Dale Ellis
50.5%
2Truck Robinson
50.3%
2Richard Hamilton
49.3%
2Juwan Howard
49%
3Stephon Marbury
48.6%
2Carlos Boozer
48.4%
2Zach Randolph
47.7%
2David Lee
43.2%
2Ricky Pierce
42.3%
2Steve Francis
40.4%
2Latrell Sprewell
39.4%
2Jason Richardson
39.2%
2Mitch Richmond
39.1%
2Micheal Ray Richardson
38.9%
2Glen Rice
38.5%
2Shareef Abdur-Rahim
37.6%
2Adrian Dantley
37.3%
2Jerry Stackhouse
36.4%
2Kevin Martin
35.2%
2Damon Stoudamire
35.2%
2Elvin Hayes
33.9%
2Pete Maravich
33.4%
3Tom Chambers
32.8%
2Bob McAdoo
32%
2Kenny Anderson
31.5%
2Jamal Crawford
30.8%
# Teams Player % Correct
2Jamal Mashburn
29.9%
2Nick Van Exel
28.6%
2Earl Monroe
25.1%
2Jimmy Walker
25%
2Sam Cassell
22.8%
2Vin Baker
22.8%
2Ron Harper
21.6%
2World B. Free
19%
2Antonio McDyess
18.9%
4Reggie Theus
18.5%
2Gail Goodrich
18.5%
2Terry Cummings
17.1%
2Kiki Vandeweghe
16.3%
2Michael Adams
16.2%
2Al Harrington
15.4%
2Kendall Gill
13.5%
2Isaiah Rider
12.1%
2Rony Seikaly
12.1%
2Orlando Woolridge
11.8%
2Kelly Tripucka
11.8%
2Otis Thorpe
10.4%
2Mike Mitchell
6.8%
2Blue Edwards
5.3%
2Otis Birdsong
4.9%
2Ed Macauley
3.8%
2Clyde Lovellette
2.3%
2Johnny Newman
2%
2Mike Woodson
1.4%
2Frankie Brian
0.6%
2Fred Scolari
0.4%

You're not logged in!

Compare scores with friends on all Sporcle quizzes.
Join for Free
OR
Log In

You Might Also Like...

Show Comments

Extras

Top Quizzes Today


Score Distribution

Your Account Isn't Verified!

In order to create a playlist on Sporcle, you need to verify the email address you used during registration. Go to your Sporcle Settings to finish the process.

Report this User

Report this user for behavior that violates our Community Guidelines.

Details: